Nombres spéciaux - Statistiques

Statistiques générales
  • Ce quiz a été pris 77 fois
  • Le résultat moyen est 6 sur 10
Statistiques - réponses
Définition Nombre % Correct
La table de multiplication de ce chiffre fait toujours le même résultat 0
100%
Il est symbolisé par un 8à l'envers Infini
97%
Ses décimales sont infinies Pi
96%
Le nombre du diable 666
93%
Chiffre porte-malheur en Occident 13
77%
Il a servi de base à la construction de beaucoup de bâtiments antiques Nombre d'or
55%
Température la plus basse existante Zéro absolu
28%
Nombre si grand qu'il estsupérieur au nombre d'atomes dans l'Univers Gogol
24%
Température de cohabitationdes états liquide et solide Point de fusion
3%
Plus petit nombre entier naturel multiple de chacun des 2 dénominateurs choisis Plus petit dénominateur commun
1%
Aucun quiz correspondant
Distribution des résultats
% des personnes avec chaque résultat
Percentile par nombre de réponses
Votre historique - résultats
Vous n’avez pas pris ce quiz